Top 20 Countries with most Air Crashes - Statistics

General Stats
  • This quiz has been taken 149 times
  • The average score is 15 of 20
Answer Stats
# Country % Correct
861 United States
99%
529 Russia
96%
110 United Kingdom
94%
105 France
93%
76 China
91%
61 Germany
90%
189 Brazil
88%
55 Spain
87%
95 India
85%
68 Italy
84%
191 Canada
83%
104 Indonesia
83%
101 Mexico
83%
51 Australia
81%
183 Colombia
57%
61 Peru
54%
61 Philippines
44%
69 Venezuela
43%
62 Bolivia
30%
64 D.R. Congo
29%
No matching quizzes found
Score Distribution
Percent of People with Each Score
Percentile by Number Answered
Your Score History
You have not taken this quiz